Terrorismo y exterior /

Uloženo v:
Podrobná bibliografie
Hlavní autor: Montemayor, Carlos
Médium: Text
Témata:
Tagy: Přidat tag
Žádné tagy, Buďte první, kdo vytvoří štítek k tomuto záznamu!

MARC

LEADER 00000 a a2200000 04500
001 2666
003
040
100 |a Montemayor, Carlos  
245 |a Terrorismo y exterior /  |c Carlos Montemayor 
650 |a TERRORISMO  
773 |g volumen 42, número 225; páginas 31-32  
999 |c 39877  |d 39877